6 Poetidel Premio Montale Poesie

Gespeichert in:
Bibliographische Detailangaben
Format: Buch
Sprache:Nichtbestimmte Sprache
Veröffentlicht: All'insegna Del Pesce Doro
Tags: Tag hinzufügen
Keine Tags, Fügen Sie das erste Tag hinzu!

MARC

LEADER 00000nam a2200000Ia 4500
001 R-159
003 CODICE-MESSINA
005 20260212102447.0
008 260211s9999 xx 000 0 und d
040 |c importazione_messina 
245 0 |a 6 Poetidel Premio Montale 
245 0 |b Poesie 
260 |b All'insegna Del Pesce Doro 
942 |2 ddc  |c BK 
952 |0 0  |1 0  |2 ddc  |4 0  |6 SCAFFALE_2_000000000000000__ARTE  |7 0  |9 30980  |a ME  |b ME  |d 2026-02-11  |l 0  |o SCAFFALE 2 - ARTE  |p R-159  |r 2026-02-11 23:52:15  |w 2026-02-11  |x [REVISIONARE]  |y BK 
999 |c 26642  |d 26642